000 00682nam a2200181 4500
008 180103b xxu||||| |||| 00| 0 eng d
020 _a9718558152
082 _21994
_aDFil 301.599
_bP15
100 _925345
_aPanopio, Isabel S., author.
245 _aGeneral sociology :
_bfocus on the Philippines /
_cIsabel S. Panopio, Felicidad V. Cordero-MacDonald, Adelisa A. Raymundo.
250 _aThird edition.
260 _aQuezon City :
_bKEN Incorporated,
_c©1994.
300 _a466 pages :
_billustrations ;
_c22 cm.
500 _aIncludes bibliographical references.
650 0 _925347
_aSociology
_zPhilippines
700 _925346
_aRaymundo, Adelisa A., author.
942 _2ddc
_cDFIL
999 _c8194
_d8194